Presidenta (Registro nro. 437127)

Detalles MARC
000 -LÍDER
Campo fijo de descripción fija 00736nam a22002417a 4500
003 - IDENTIFICADOR DEL NÚMERO DE CONTROL
Campo de control BCEG
005 - FECHA Y HORA DE LA ULTIMA TRANSACCIÓN
control field 20260324125229.0
008 - ELEMENTOS DE LONGITUD FIJA -- INFORMACIÓN GENERAL
Campo fijo de descripción fija -- Información general 260324s2024 mx |||||||||||||||||spa d
020 ## - ISBN
Isbn 9786073922289
040 ## - FUENTE DE CATALOGACIÓN
Agencia de catalogación original BCEG
Idioma de catalogación spa
Agencia que realiza la transcripción BCEG
082 04 - NÚMERO DE CLASIFICACIÓN DECIMAL DEWEY
Número de clasificación 305.4332
Clave de autor-Numero de item Z570p
100 1# - ASIENTO PRINCIPAL--NOMBRE PERSONAL
Nombre del autor personal Zepeda Patterson, Jorge.
245 10 - TÍTULO PROPIAMENTE DICHO
Título Presidenta
Otra información sobre el título - Subtitulo : la victoria de una mujer en un país de hombres.
260 ## - PUBLICACIÓN, DISTRIBUCIÓN, ETC. (PIE DE IMPRENTA)
Lugar de publicación, distribución, etc. Ciudad de México :
Nombre del editor, distribuidor, etc. Planeta Mexicana : Booket,
Fecha de publicación, distribución, etc. 2024.
300 ## - DESCRIPCIÓN FÍSICA
Extensión 236 (xvi) p. :
Otros detalles físicos fots., col.
490 ## - MENCIÓN DE SERIE
Mención de serie Actualidad.
504 ## - NOTA DE BIBLIOGRAFÍA, ETC.
Nota de bibliografía, etc Incluye bibliografía.
541 ## - NOTA DE FUENTE INMEDIATA DE ADQUISICIÓN
Nota de fuente de adquisición Compra.
600 ## - ENCABEZAMIENTO DE MATERIA. AUTOR PERSONAL
Nombre personal Sheinbaum Pardo, Claudia,
Fechas asociadas con el nombre 1962-.
650 14 - ASIENTO SECUNDARIO DE MATERIA - TERMINO TEMÁTICO
Término temático o nombre geográfico como elemento de entrada Mujeres en la política.
650 14 - ASIENTO SECUNDARIO DE MATERIA - TERMINO TEMÁTICO
Término temático o nombre geográfico como elemento de entrada Presidentes
Subdivisión geográfica México
Subdivisión de forma Biografía.
942 ## - TIPO DE MATERIAL (KOHA)
Tipo de Item KOHA Libro
Existencias
No para Préstamo Colección Biblioteca de Origen Biblioteca Permanente Fecha de Adquisición Fuente de Adquisicion Total de Préstamos Signatura Topográfica Código de Barras Última vez visto Tipo de Material Ejemplar
Material en Reserva General Biblioteca Central Estatal de Guanajuato, "Wigberto Jiménez Moreno" Biblioteca Central Estatal de Guanajuato, "Wigberto Jiménez Moreno" 24/03/2026 COMPRA-2025   305.4332 Z570p BCEG8655231022 24/03/2026 Libro  
  General Biblioteca Central Estatal de Guanajuato, "Wigberto Jiménez Moreno" Biblioteca Central Estatal de Guanajuato, "Wigberto Jiménez Moreno" 24/03/2026 COMPRA-2025   305.4332 Z570p BCEG8655231023 24/03/2026 Libro ej. 2